Normal view
MARC view
Entry Geographic Name
001 - CONTROL NUMBER
- control field: 472575
003 - CONTROL NUMBER IDENTIFIER
- control field:
005 - DATE AND TIME OF LATEST TRANSACTION
- control field: 20210602134056.0
008 - FIXED-LENGTH DATA ELEMENTS
- fixed length control field: 210602|| aca||aabn | a|a d
040 ## - CATALOGING SOURCE
- Original cataloging agency:
- Transcribing agency:
151 ## - HEADING--GEOGRAPHIC NAME
- Geographic name: Soviet Union
- General subdivision: Pictorial works
670 ## - SOURCE DATA FOUND
- Source citation: Work cat.: (): Van der Post, Laurens 59535, A portrait of all the Russias /, 1967
